[Event "RSA-chT U20A"]
[Site "Boksburg"]
[Date "2018.12.17"]
[Round "3.2"]
[White "Mbokazi, Banele"]
[Black "Lynch, Justin"]
[Result "0-1"]
[WhiteElo "1588"]
[BlackElo "1849"]
[PlyCount "59"]
[EventDate "2018.12.16"]
[EventType "team-tourn"]
[EventRounds "7"]
[EventCountry "RSA"]
[SourceTitle "EXT 2020"]
[Source "ChessBase"]
[SourceDate "2019.10.17"]
[SourceVersion "1"]
[SourceVersionDate "2019.10.17"]
[SourceQuality "1"]
[WhiteTeam "Ethekwini U20"]
[BlackTeam "Western Province U20"]
[WhiteTeamCountry "RSA"]
[BlackTeamCountry "RSA"]

1. d4 Nf6 2. Nf3 b6 3. g3 Bb7 4. Bg2 e6 5. 0-0 Be7 6. c4 c6 7. Nc3 d5 8. cxd5 exd5 9. Re1 0-0 10. Qc2 Na6 11. Bf4 Re8 12. Rad1 Nb4 13. Qb1 h6 14. Qf5 Bc8 15. Qb1 Be6 16. a3 Na6 17. Ne5 Rc8 18. Qc2 Nb8 19. Qa4 a6 20. e4 b5 21. Qc2 Nbd7 22. Nxd7 Qxd7 23. e5 Bf5 24. Qd2 Nh7 25. h4 Nf8 26. Ne2 Ne6 27. Be3 Bg4 28. Rc1 h5 29. f4 g6 30. Bf2 0-1

[Event "South African op"]
[Site "Cape Town"]
[Date "2015.07.09"]
[Round "9"]
[White "Odendaal, Frederick"]
[Black "Lynch, Justin"]
[Result "1-0"]
[WhiteElo "2054"]
[BlackElo "1761"]
[PlyCount "75"]
[EventDate "2015.07.03"]
[EventType "swiss"]
[EventRounds "11"]
[EventCountry "RSA"]
[SourceTitle "CBM 167 Extra"]
[Source "ChessBase"]
[SourceDate "2015.09.14"]
[SourceVersion "1"]
[SourceVersionDate "2015.09.14"]
[SourceQuality "1"]

1. d4 Nf6 2. Nf3 e6 3. Bf4 b6 4. e3 Bb7 5. Nbd2 Be7 6. Bd3 d5 7. Ne5 0-0 8. Qf3 c5 9. c3 Nbd7 10. Qh3 Qc8 11. g4 g6 12. Qf3 Ne8 13. h4 f6 14. Nxd7 Qxd7 15. Bh6 Ng7 16. h5 g5 17. 0-0 e5 18. Bxg7 Kxg7 19. Bf5 Qc7 20. Rfe1 e4 21. Qg2 Bc8 22. Bxc8 Raxc8 23. f3 exf3 24. Qxf3 Rcd8 25. Kg2 Qd7 26. Rf1 Qb5 27. Rab1 Qd3 28. Rf2 Rd6 29. Re1 Re6 30. Nf1 cxd4 31. cxd4 Bb4 32. Rc1 Qe4 33. Ng3 Qxf3+ 34. Kxf3 Kf7 35. Nf5 a5 36. Rc7+ Kg8 37. Rfc2 Rfe8 38. Rg7+ 1-0

[Event "South African op"]
[Site "Cape Town"]
[Date "2015.07.04"]
[Round "3"]
[White "Lynch, Justin"]
[Black "Mare, Eben"]
[Result "0-1"]
[WhiteElo "1761"]
[BlackElo "1982"]
[PlyCount "104"]
[EventDate "2015.07.03"]
[EventType "swiss"]
[EventRounds "11"]
[EventCountry "RSA"]
[SourceTitle "CBM 167 Extra"]
[Source "ChessBase"]
[SourceDate "2015.09.14"]
[SourceVersion "1"]
[SourceVersionDate "2015.09.14"]
[SourceQuality "1"]

1. d4 Nf6 2. c4 g6 3. Nc3 Bg7 4. Nf3 0-0 5. Bg5 d6 6. e3 c6 7. Be2 a6 8. 0-0 h6 9. Bh4 g5 10. Bg3 Nh5 11. Qc2 Nxg3 12. hxg3 b5 13. Rad1 Bb7 14. e4 Nd7 15. e5 bxc4 16. Bxc4 d5 17. Bd3 e6 18. Qe2 c5 19. Bb1 cxd4 20. Rxd4 Qc7 21. Re1 Rfb8 22. Rg4 Kf8 23. Qe3 Bc6 24. b3 a5 25. Rd4 Rb4 26. Rdd1 g4 27. Nd4 Nxe5 28. a3 Rb7 29. Qf4 Bd7 30. Re3 Nc6 31. Qxc7 Rxc7 32. Ndb5 Rb7 33. Nd6 Rxb3 34. Nxd5 Rxb1 35. Rxb1 exd5 36. Rb7 Be6 37. Rc7 Nd4 38. Rc5 a4 39. Re1 Rb8 40. Ra5 Nb3 41. Rxa4 Bc3 42. Rd1 Ke7 43. Rd3 Nc5 44. Ra7+ Kxd6 45. Rxc3 Rb1+ 46. Kh2 d4 47. Rc2 d3 48. Rd2 Bc4 49. Ra8 Ne4 50. Rd8+ Ke7 51. R8xd3 Bxd3 52. Rxd3 Nxf2 0-1

[Event "Wch U16"]
[Site "Durban"]
[Date "2014.09.20"]
[Round "1"]
[White "Lynch, Justin"]
[Black "Nastase, Robert Paul"]
[Result "0-1"]
[WhiteElo "1689"]
[BlackElo "2255"]
[PlyCount "60"]
[EventDate "2014.09.20"]
[EventType "swiss"]
[EventRounds "11"]
[EventCountry "RSA"]
[SourceTitle "CBM 162 Extra"]
[Source "ChessBase"]
[SourceDate "2014.10.17"]
[SourceVersion "1"]
[SourceVersionDate "2014.10.17"]
[SourceQuality "1"]

1. d4 d5 2. c4 c6 3. Nc3 Nf6 4. g3 e6 5. Bg2 Nbd7 6. Nf3 Bd6 7. 0-0 0-0 8. Qc2 Qe7 9. Rd1 b6 10. e4 Nxe4 11. Nxe4 dxe4 12. Ng5 f5 13. d5 exd5 14. cxd5 c5 15. Ne6 Rf7 16. Bh3 Ne5 17. Ng5 Rf8 18. Bg2 h6 19. Nh3 g5 20. Bd2 Ba6 21. Bc3 Nf3+ 22. Bxf3 exf3 23. Re1 Be2 24. Kh1 Qe4 25. Qxe4 fxe4 26. Ng1 Bd3 27. Rad1 Rae8 28. Re3 g4 29. Bd2 Kg7 30. Bc3+ Kg6 0-1

[Event "Manyanani"]
[Site "Manyanani"]
[Date "2014.06.14"]
[Round "2"]
[White "Ndlovu, Bhekile"]
[Black "Lynch, Justin"]
[Result "0-1"]
[WhiteElo "1812"]
[BlackElo "1666"]
[PlyCount "78"]
[EventDate "2014.06.14"]
[EventType "swiss"]
[EventRounds "7"]
[EventCountry "RSA"]
[SourceTitle "EXT 2016"]
[Source "ChessBase"]
[SourceDate "2015.10.08"]
[SourceVersion "1"]
[SourceVersionDate "2015.10.08"]
[SourceQuality "1"]

1. d4 Nf6 2. c4 e6 3. Nc3 Bb4 4. Qc2 d5 5. e3 0-0 6. Nf3 b6 7. a3 Bxc3+ 8. bxc3 Ba6 9. cxd5 Bxf1 10. Kxf1 exd5 11. h4 Re8 12. Bb2 Nbd7 13. Qf5 Nf8 14. Ne5 Ng6 15. Rh3 Qd6 16. f4 Ne7 17. Qd3 Ne4 18. h5 f6 19. Nf3 Nf5 20. Re1 Qd7 21. Kg1 Nfg3 22. Rh4 Qf5 23. Kh2 Qd7 24. c4 Nf5 25. Rh3 Nf2 26. Qb3 Nxh3 27. gxh3 Qd6 28. cxd5 Nxe3 29. Kg3 Nxd5 30. Bc1 Rxe1 31. Nxe1 Kh8 32. Nf3 c5 33. dxc5 Qxc5 34. Bd2 Ne7 35. Bb4 Nf5+ 36. Kg4 Nh6+ 37. Kg3 Qxh5 38. Qe6 Nf5+ 39. Kg2 Re8 0-1

[Event "Wch U14"]
[Site "Al Ain"]
[Date "2013.12.24"]
[Round "8"]
[White "Lynch, Justin"]
[Black "Pigeat, Alexandre"]
[Result "0-1"]
[WhiteElo "1725"]
[BlackElo "2002"]
[PlyCount "62"]
[EventDate "2013.12.18"]
[EventType "swiss"]
[EventRounds "11"]
[EventCountry "UAE"]
[SourceTitle "CBM 158 Extra"]
[Source "ChessBase"]
[SourceDate "2014.02.28"]
[SourceVersion "1"]
[SourceVersionDate "2014.02.28"]
[SourceQuality "1"]

1. d4 g6 2. c4 Bg7 3. Nf3 d6 4. e4 Nc6 5. h3 e5 6. d5 Nce7 7. b4 f5 8. Nc3 Nf6 9. Bd3 0-0 10. Rb1 Qe8 11. Nd2 Nh5 12. Nf3 Nf4 13. Bxf4 exf4 14. Ne2 fxe4 15. Bxe4 Nf5 16. Qc2 Qe7 17. 0-0 Re8 18. Bd3 Nh4 19. Ne1 Qg5 20. Qd2 Be5 21. Ng3 Nxg2 22. Kxg2 Qh4 23. Rh1 fxg3 24. Nf3 Qf6 25. Nxe5 Rxe5 26. fxg3 Bf5 27. Rhf1 Qe7 28. Rf2 Re3 29. Bxf5 gxf5 30. Rb2 Re8 31. Re2 Rxe2+ 0-1